Algebra of polynomials /
Guardado en:
| Autor Principal: | |
|---|---|
| Otros Autores: | |
| Formato: | Libro |
| Idioma: | English |
| Publicado: |
Amsterdam : New York :
North-Holland ; American Elsevier,
1973.
|
| Series: | North-Holland mathematical library ;
v. 5 |
| Materias: | |
| Etiquetas: |
Agregar Etiqueta
Sin Etiquetas, Sea el primero en etiquetar este registro!
|
| LEADER | 00837nam a2200253 a 4500 | ||
|---|---|---|---|
| 001 | MAT.inmabb004612 | ||
| 008 | 740529s1973####ne#######b####001#0#eng## | ||
| 005 | 20170615113951.0 | ||
| 245 | 1 | 0 | |a Algebra of polynomials / |c Hans Lausch and Wilfried Nöbauer. |
| 260 | |a Amsterdam : |b North-Holland ; |a New York : |b American Elsevier, |c 1973. | ||
| 300 | |a xi, 322 p. ; |c 23 cm. | ||
| 440 | 0 | |a North-Holland mathematical library ; |v v. 5 | |
| 504 | |a Bibliografía: p. 300-312. | ||
| 510 | 4 | |a MR, |c 50 #2037 | |
| 020 | |a 0720424550 (North-Holland) | ||
| 020 | |a 0444104410 (American Elsevier) | ||
| 100 | 1 | |a Lausch, Hans. | |
| 700 | 1 | |a Nöbauer, Wilfried. | |
| 650 | 0 | |a Algebra, Universal. | |
| 650 | 0 | |a Polynomials. | |
| 084 | |a 08A25 (10M05 13F20) |2 MR | ||
| 010 | |a 72088283 | ||
| 040 | |a DLC |c DLC |d DLC | ||
| 859 | |h 08 |i L388 |p A-4388 |b BIB. MATEMATICA | ||
